000 00968cam a2200241 i 4500
003 SA-RiAUC
005 20250428073330.0
008 250428q19001999ua g i000 0 ara c
040 _aSA-MuMU
_bara
_cSA-RiAUC
_erda
082 0 4 _a251
_qSA-RiAUC
090 _a251
_b ج ل ا
100 1 _aجلال، محمد سعاد
_eمؤلف.
245 1 0 _aمقدمة في التعريف بعلم أصول الفقه الإسلامي /
_cبقلم محمد سعاد جلال.
246 3 0 _aالتعريف بعلم أصول الفقه الإسلامي
264 1 _aالقاهرة :
_bالاتحاد الدولي للبنوك الإسلامية،
_c[بين 1900 و1999]
300 _a196 صفحة ؛
_c24 سم
336 _aنص
_btxt
_2rdacontent
_3كتاب
337 _aبدون وسيط
_bn
_2rdamedia
338 _aمجلد
_bnc
_2rdacarrier
650 7 _aأصول الفقه الإسلامي
_2aucsh
942 _2ddc
_cBOOK
_n0
949 _aSA-JeALM
_d250428
_umohamedma123
_n1
999 _c7427
_d7427